Life : (Record no. 48110)

000 -LEADER
fixed length control field 01213cam a22003134a 4500
001 - CONTROL NUMBER
control field 14908080
003 - CONTROL NUMBER IDENTIFIER
control field Nust
005 - DATE AND TIME OF LATEST TRANSACTION
control field 20170109153443.0
008 - FIXED-LENGTH DATA ELEMENTS--GENERAL INFORMATION
fixed length control field 070628s2007 nyua 000 0aeng
010 ## - LIBRARY OF CONGRESS CONTROL NUMBER
LC control number 2007027139
020 ## - INTERNATIONAL STANDARD BOOK NUMBER
International Standard Book Number 9780007259076 (hardcover)
035 ## - SYSTEM CONTROL NUMBER
System control number (OCoLC)ocn155122608
035 ## - SYSTEM CONTROL NUMBER
System control number (OCoLC)155122608
040 ## - CATALOGING SOURCE
Original cataloging agency DLC
Transcribing agency DLC
Modifying agency BAKER
-- YDXCP
-- C#P
-- BUR
-- VP@
-- DLC
041 1# - LANGUAGE CODE
Language code of text/sound track or separate title eng
Language code of original por
042 ## - AUTHENTICATION CODE
Authentication code pcc
050 00 - LIBRARY OF CONGRESS CALL NUMBER
Classification number PQ9698.13.O3546
Item number A2 2007
082 00 - DEWEY DECIMAL CLASSIFICATION NUMBER
Classification number 869.342
Author Mark COE
100 1# - MAIN ENTRY--PERSONAL NAME
Personal name Coelho, Paulo.
245 10 - TITLE STATEMENT
Title Life :
Remainder of title selected quotations /
Statement of responsibility, etc. Paulo Coelho ; [illustrations, Anne Kristin Hagesæther].
250 ## - EDITION STATEMENT
Edition statement 1st U.S. ed.
260 ## - PUBLICATION, DISTRIBUTION, ETC.
Place of publication, distribution, etc. New York :
Name of publisher, distributor, etc. HarperCollins Publishers,
Date of publication, distribution, etc. 2007.
300 ## - PHYSICAL DESCRIPTION
Extent 128 p. :
Other physical details col. ill. ;
Dimensions 19 cm.
505 0# - FORMATTED CONTENTS NOTE
Formatted contents note The dream -- The path -- Love -- Chance -- The journey -- Destiny -- The good fight -- The mystery.
600 10 - SUBJECT ADDED ENTRY--PERSONAL NAME
Personal name Coelho, Paulo
General subdivision Quotations.
700 1# - ADDED ENTRY--PERSONAL NAME
Personal name Hagesæther, Anne Kristin,
Relator term ill.
906 ## - LOCAL DATA ELEMENT F, LDF (RLIN)
a 7
b cbc
c orignew
d 1
e ecip
f 20
g y-gencatlg
942 ## - ADDED ENTRY ELEMENTS (KOHA)
Source of classification or shelving scheme
Koha item type Book
Holdings
Withdrawn status Lost status Source of classification or shelving scheme Damaged status Not for loan Collection code Permanent Location Current Location Shelving location Date acquired Total Checkouts Full call number Barcode Date last seen Date last checked out Copy number Price effective from Koha item type
            Central Library (CL) Central Library (CL) Children Section 01/09/2017 8 869.342 COE CL581 06/16/2025 11/08/2023 1 01/09/2017 Book
© 2023 Central Library, National University of Sciences and Technology. All Rights Reserved.